| 000 | 00792cab a2200265 4500 | ||
|---|---|---|---|
| 001 | WB3126-10 | ||
| 008 | 090401t1995 xxu||||| |||| 00| 0 eng d | ||
| 035 | _a(Sirsi) u22207 | ||
| 041 | _aeng | ||
| 245 | _aInvestment down | ||
| 260 | _c1995 | ||
| 350 | _a0 | ||
| 490 |
_aProperty Week _v52(1) 6 July 1995, 9(1) |
||
| 520 | _aAccording to Weatherall Green & Smith investment in the City of London hass fallen by 50% in the first half of 1995. | ||
| 650 | _aCITY OF LONDON | ||
| 650 | _aFOREIGN INVESTMENT | ||
| 650 | _aGERMAN INVESTMENT | ||
| 650 | _aGERMANY | ||
| 650 | _aINVESTMENT | ||
| 650 | _aINWARD INVESTMENT | ||
| 650 | _aSUPPLY AND DEMAND | ||
| 690 | _aPROPERTY-COMMERCIAL PROPERTY-COMMERCIAL PROPERTY FINANCE AND INVESTMENT | ||
| 942 | _n0 | ||
| 948 | _c04/03/1997 | ||
| 999 |
_c14873 _d14873 |
||